[Event "SVK-chT2B 0910"]
[Site "Slovakia"]
[Date "2009.11.08"]
[Round "4"]
[White "Vrablik, Miroslav"]
[Black "Cvirik, Vladimir"]
[Result "1/2-1/2"]
[WhiteElo "2097"]
[BlackElo "1921"]
[PlyCount "93"]
[EventDate "2009.10.10"]
[EventType "team"]
[EventRounds "11"]
[EventCountry "SVK"]
[SourceTitle "EXT 2011"]
[Source "ChessBase"]
[SourceDate "2010.11.26"]
[SourceVersion "1"]
[SourceVersionDate "2010.11.26"]
[SourceQuality "1"]
[WhiteTeam "Prievidza II"]
[BlackTeam "Surany"]
[WhiteTeamCountry "SVK"]
[BlackTeamCountry "SVK"]

1. d4 d5 2. c4 dxc4 3. e3 Nf6 4. Bxc4 g6 5. Qb3 e6 6. Nf3 c6 7. 0-0 Be7 8. Rd1 0-0 9. Nc3 b6 10. Ne5 Qc7 11. Be2 Bb7 12. Bd2 Nbd7 13. f4 Nd5 14. Nf3 N7f6 15. Nxd5 exd5 16. Rac1 Ne4 17. Be1 Bd6 18. Bd3 Qe7 19. Bh4 Qe6 20. Ne5 Bxe5 21. fxe5 Qg4 22. Be7 Rfe8 23. Bxe4 Rxe7 24. Bf3 Qg5 25. Rc3 Kg7 26. e4 f6 27. exd5 cxd5 28. Bxd5 Bxd5 29. Qxd5 Rae8 30. exf6+ Qxf6 31. Rf3 Qe6 32. Qxe6 Rxe6 33. Rd2 Re2 34. Rfd3 Kf7 35. Kf1 R2e4 36. Kf2 Ke6 37. Rh3 Re7 38. d5+ Kd6 39. Rc3 Rc7 40. Rxc7 Kxc7 41. Kf3 Re5 42. d6+ Kd7 43. h4 Re6 44. Kf4 h6 45. g3 Re1 46. b3 Re6 47. Rd4 1/2-1/2